[Event "45th Olympiad 2024"]
[Site "Budapest HUN"]
[Date "2024.09.18"]
[Round "7.3"]
[Board "4"]
[White "Banh Gia Huy"]
[Black "Idani, Pouya"]
[Result "0-1"]
[WhiteElo "2425"]
[BlackElo "2599"]
[PlyCount "74"]
[EventDate "2024.09.11"]
[WhiteTeam "Vietnam"]
[BlackTeam "Iran"]
[WhiteTeamCountry "VIE"]
[BlackTeamCountry "IRI"]

1. d4 d5 2. Nf3 Nf6 3. Bf4 c5 4. e3 Nc6 5. Nbd2 cxd4 6. exd4 a6 7. Nb3 ({RR} 7. c3 Bg4 8. Qb3 Na5 9. Qc2 e6 10. Bd3 Be7 11. Ne5 Bh5 12. O-O O-O 13. Rfe1 Rc8 14. Bg5 Nc6 15. Bxf6 Bxf6 16. Bxh7+ Kh8 17. Bd3 Nxd4 18. Qa4 Nc6 19. Nxc6 Rxc6 20. Re2 Bxe2 21. Bxe2 g6 {0-1 So,W (2770)-Aronian,L (2781) NIC Classic KO rapid 2021 (1.11)}) 7... Bg4 $146 ({RR} 7... Bf5 8. Bd3 Bxd3 9. Qxd3 e6 10. O-O Bd6 11. Bxd6 Qxd6 12. Rfe1 O-O 13. Ne5 Qc7 14. c3 Ne4 15. Nd2 Nxe5 16. dxe5 Nxd2 17. Qxd2 Rfc8 18. Re3 Qe7 19. Rg3 Rc4 20. Re1 b5 21. b3 Rc6 22. Qd4 {½-½ Abasov,N (2626)-Praggnanandhaa,R (2750) 45th Olympiad 2024 (5.1)}) 8. h3 Bxf3 9. Qxf3 e6 10. c3 Bd6 11. Bd3 Bxf4 12. Qxf4 O-O 13. O-O Nd7 14. Rfe1 Re8 15. Re3 Rc8 16. Rae1 Ne7 17. Rf3 Rf8 18. Rg3 Ng6 19. Bxg6 hxg6 20. h4 Nf6 21. Rh3 Qc7 22. Qg5 Ne4 23. Qe3 Rce8 24. h5 g5 25. f3 g4 26. fxg4 f5 27. Nd2 fxg4 28. Rh4 Nxd2 29. Qxd2 Qg3 30. Rh1 e5 31. Re3 Qf4 32. Qe2 Qg5 33. dxe5 Rf5 34. Rg3 Qc1+ 35. Kh2 Rxh5+ 36. Rh3 Qf4+ 37. Kg1 Rexe5 0-1

[Event "45th Olympiad 2024"]
[Site "Budapest HUN"]
[Date "2024.09.18"]
[Round "7.4"]
[Board "1"]
[White "Abdusattorov, Nodirbek"]
[Black "Volokitin, Andrei"]
[Result "1-0"]
[WhiteElo "2766"]
[BlackElo "2660"]
[PlyCount "59"]
[EventDate "2024.09.11"]
[WhiteTeam "Uzbekistan"]
[BlackTeam "Ukraine"]
[WhiteTeamCountry "UZB"]
[BlackTeamCountry "UKR"]

1. e4 c5 2. Nf3 d6 3. d4 cxd4 4. Nxd4 Nf6 5. Nc3 a6 6. Bc4 e6 7. Be3 Be7 8. Bb3 b5 9. a3 O-O 10. Qe2 Bb7 11. f3 Nbd7 12. O-O-O Nc5 13. Ba2 Qa5 14. Qe1 b4 $146 ({RR} 14... Rfc8 15. Nd5 Qd8 16. Nxe7+ Qxe7 17. Kb1 Na4 18. g4 Qc7 19. h4 e5 20. Rh2 exd4 21. Bxd4 Nd7 22. g5 Ne5 23. Qg3 a5 24. h5 Nc4 25. g6 h6 26. gxf7+ Qxf7 27. Rg2 Rc7 28. Bxc4 bxc4 29. Qxd6 {1-0 Narva,M (2397)-Mammadzada,G (2449) Swiss Queens Wed #2 2024 (8.126)}) 15. axb4 Qxb4 16. Nd5 Nxd5 17. exd5 Qa4 18. Kb1 Bxd5 19. Bxd5 exd5 20. Nf5 Bf6 21. Bd4 Rfe8 22. Qc3 Nd7 23. b3 Qa3 24. Bxf6 Nxf6 25. Rxd5 a5 26. Rhd1 a4 27. Ra5 d5 28. Rd4 Rac8 29. Qd2 Rc4 30. bxc4 1-0

[Event "45th Olympiad 2024"]
[Site "Budapest HUN"]
[Date "2024.09.18"]
[Round "7.4"]
[Board "2"]
[White "Ivanchuk, Vasyl"]
[Black "Yakubboev, Nodirbek"]
[Result "1/2-1/2"]
[WhiteElo "2635"]
[BlackElo "2666"]
[PlyCount "141"]
[EventDate "2024.09.11"]
[WhiteTeam "Ukraine"]
[BlackTeam "Uzbekistan"]
[WhiteTeamCountry "UKR"]
[BlackTeamCountry "UZB"]

1. e4 e5 2. Nf3 Nc6 3. Bc4 Bc5 4. c3 Nf6 5. d3 a5 6. Nbd2 O-O 7. O-O d6 8. h3 h6 9. Re1 Be6 10. Bb5 Nd7 ({RR} 10... Qb8 11. Nf1 Qa7 12. Re2 a4 13. Ng3 Bb6 14. Bxc6 bxc6 15. Nh4 Kh7 16. Nhf5 Ng8 17. Qd2 f6 18. d4 Rf7 19. Qc2 g6 20. Nh4 Ne7 21. Qd2 g5 22. Nhf5 Nxf5 23. exf5 Bc4 24. dxe5 fxe5 25. Re4 {½-½ Cheparinov,I (2693)-Hovhannisyan,R (2601) EU-ch 19th Batumi 2018 (7)}) 11. Nf1 d5 12. Ng3 Re8 13. Be3 $146 ({RR} 13. d4 exd4 14. Bxc6 bxc6 15. Nxd4 Bxd4 16. cxd4 dxe4 17. Rxe4 Nf6 18. Re1 Nd5 19. Bd2 Qf6 20. Qa4 Reb8 21. Ne4 Qd8 22. Bc3 Nb4 23. Nc5 Bd5 24. Re5 Qd6 25. a3 Qg6 26. g4 Na2 27. Rae1 Nxc3 {0-1 Lagar,V (2186)-Tristan,L (2534) VI Villa Constitucion Op 2024 (3.1)}) 13... Bf8 14. Qc2 dxe4 15. dxe4 Na7 16. Ba4 c5 17. c4 Qc7 18. b3 Red8 19. Ne2 Nb6 20. Nc3 Nxa4 21. Nxa4 Nc6 22. Nxc5 Bxh3 23. gxh3 Nb4 24. Qc3 Bxc5 25. Bxc5 Qxc5 26. Nxe5 f6 27. a3 fxe5 28. axb4 axb4 29. Rxa8 Rxa8 30. Qd2 Qe7 31. Rd1 Rf8 32. Qe3 Rf4 33. f3 Qe6 34. Kg2 Rh4 35. Rh1 Kh7 36. Qf2 Rf4 37. Rd1 Rf6 38. Qe3 Qe7 39. Kh2 Qf7 40. Rd3 Qh5 41. Qf2 Qg5 42. Qe3 Qh5 43. Qf2 b6 44. Qe3 Qh4 45. Rd2 Rg6 46. Rg2 Rd6 47. Rd2 Rf6 48. Rg2 Qh5 49. Kg3 Qg6+ 50. Kh2 Qf7 51. Rf2 Qf8 52. Kg2 Rg6+ 53. Kh2 Rf6 54. Kg2 Qe7 55. Rd2 h5 56. Kh2 Qf7 57. Rf2 Rf4 58. Kg2 Qg6+ 59. Kh2 Qf6 60. Kg2 Qe6 61. Kg3 h4+ 62. Kh2 Qg6 63. Rg2 Qf6 64. Rf2 Qg5 65. Rg2 Qd8 66. Rg1 Qf6 67. Rf1 Qd6 68. Rg1 Qf6 69. Rf1 Qg6 70. Rg1 Qf6 71. Rf1 1/2-1/2

[Event "45th Olympiad 2024"]
[Site "Budapest HUN"]
[Date "2024.09.18"]
[Round "7.4"]
[Board "3"]
[White "Sindarov, Javokhir"]
[Black "Ponomariov, Ruslan"]
[Result "1-0"]
[WhiteElo "2677"]
[BlackElo "2654"]
[PlyCount "99"]
[EventDate "2024.09.11"]
[WhiteTeam "Uzbekistan"]
[BlackTeam "Ukraine"]
[WhiteTeamCountry "UZB"]
[BlackTeamCountry "UKR"]

1. e4 c6 2. Nf3 d5 3. Nc3 Bg4 4. h3 Bxf3 5. Qxf3 e6 6. Be2 Bc5 7. Qg3 Bd4 8. exd5 exd5 9. O-O Nd7 10. Bd1 Ne7 11. Ne2 Be5 12. Qf3 d4 ({RR} 12... O-O 13. d4 Bd6 14. c3 Nf6 15. Bc2 Ng6 16. Bg5 Be7 17. Ng3 Ne8 18. Bxe7 Nxe7 19. h4 Nd6 20. h5 f5 21. Qf4 Rf6 22. Rfe1 Qf8 23. f3 Qf7 24. Re2 Rf8 25. Rae1 Nec8 26. b3 g6 27. Re5 {0-1 Tan,B (1902)-Jaferian,K (2238) Canadian Open 2024 (3.20)}) 13. c3 Nc5 14. Re1 $146 ({RR} 14. cxd4 Bxd4 15. Nxd4 Qxd4 16. Qe3 Rd8 17. Re1 Qxe3 18. dxe3 Ng6 19. Bc2 Nd3 20. Rd1 Nxc1 21. Raxc1 Ke7 22. Kf1 Ne5 23. Ke2 g6 24. Bb3 f6 25. h4 h6 26. Rd4 Rxd4 27. exd4 Nd7 28. Kd2 Re8 {½-½ Ceres,D (2378)-Jianu,V (2511) Olympiad-44 Chennai 2022 (9.4)}) ({RR} 14. b4 Ne6 15. Bb3 O-O {½-½ Morgunov,M (2376)-Kraus,T (2488) Ceske Budejovice GM 2022 (5)}) 14... Qd6 15. d3 Ne6 16. cxd4 Bxd4 17. Nxd4 Qxd4 18. Bb3 O-O 19. Re4 Qd7 20. Bxe6 fxe6 21. Qe2 Nd5 22. Bd2 Rad8 23. Rxe6 Rfe8 24. Rxe8+ Rxe8 25. Qf3 Qc7 26. Re1 Rxe1+ 27. Bxe1 Qf4 28. Qe2 h6 29. Bd2 Qf6 30. Qe8+ Kh7 31. Qe4+ Kg8 32. Qe8+ Kh7 33. Qe4+ Kg8 34. Bc1 Kf7 35. Kf1 a6 36. Ke2 Qd6 37. Be3 Nf6 38. Qf4 Qxf4 39. Bxf4 Ke6 40. Bd2 Nd5 41. g4 Kf7 42. h4 Nf6 43. Kf3 h5 44. gxh5 Nxh5 45. Bc3 g6 46. Kg4 Ke6 47. f4 Nf6+ 48. Bxf6 Kxf6 49. b4 b6 50. d4 1-0

[Event "45th Olympiad 2024"]
[Site "Budapest HUN"]
[Date "2024.09.18"]
[Round "7.4"]
[Board "4"]
[White "Korobov, Anton"]
[Black "Vokhidov, Shamsiddin"]
[Result "1/2-1/2"]
[WhiteElo "2650"]
[BlackElo "2650"]
[PlyCount "72"]
[EventDate "2024.09.11"]
[WhiteTeam "Ukraine"]
[BlackTeam "Uzbekistan"]
[WhiteTeamCountry "UKR"]
[BlackTeamCountry "UZB"]

1. e4 e5 2. Nf3 Nc6 3. Bc4 Bc5 4. O-O Nf6 5. d3 O-O 6. c3 d5 7. exd5 Nxd5 8. a4 a5 9. Nbd2 Nb6 10. Bb5 Bd6 ({RR} 10... Bg4 11. h3 Bh5 12. Ne4 Bd6 13. Re1 Na7 14. d4 Nxb5 15. axb5 exd4 16. Nxd6 Bxf3 17. Qxf3 Qxd6 18. Bf4 Qf6 19. Bxc7 Qxf3 20. gxf3 Nd5 21. Bxa5 dxc3 22. bxc3 Rfc8 23. Red1 Nf4 24. Kh2 h6 25. Bb4 {½-½ Kramnik,V (2812)-Aronian,L (2792) Paris GCT rapid 2016 (6)}) 11. Re1 Bg4 12. h3 Bh5 13. Qc2 $146 ({RR} 13. Ne4 f5 14. Ng3 Bxf3 15. Qxf3 Ne7 16. Qxb7 Rb8 17. Qa6 c6 18. Bc4+ Kh8 19. Bg5 h6 20. Bxe7 Qxe7 21. Qxa5 Qc7 22. b4 Ra8 23. Ba6 f4 24. Ne4 Rxa6 25. Qxa6 Ra8 26. Qxb6 Qxb6 27. Nxd6 Qc7 {1-0 Navara,D (2700)-Niemann,H (2642) Charity Cup Prelim rapid 2022 (7)}) ({RR} 13. Ne4 f5 14. Bxc6 bxc6 15. Ng3 Bxf3 16. Qxf3 Qd7 17. Qd1 Kh8 18. Bd2 f4 19. Ne4 Be7 20. Qg4 Qxd3 21. Qe6 Bd6 22. Rad1 Qd5 23. Qg4 Rae8 24. Bc1 Qe6 25. Qxe6 Rxe6 26. b3 Nd5 27. Bd2 Rb8 {½-½ Allaert,D (2202)-Geirnaert,S (2428) Bruges Masters Open 2024 (8.4)}) ({RR} 13. Ne4 Na7 14. Be3 f5 15. Nxd6 cxd6 16. Qb3+ Bf7 17. c4 f4 18. Bd2 Nc6 19. d4 Nxd4 20. Nxd4 exd4 21. Bxf4 Bxc4 22. Bxc4+ d5 23. Bb5 {1-0 Asadli,V (2538)-Sabuk,P (2360) Lisbon Portugal op 2020 (8)}) ({RR} 13. Ne4 f6 14. Be3 Nd5 15. Bc4 Bf7 16. Qb3 Nxe3 17. Bxf7+ Rxf7 18. fxe3 Qd7 19. d4 Rb8 20. Rad1 h6 21. Rf1 Qe7 22. d5 Nd8 23. Nh4 b6 24. Qc4 Nb7 25. b4 Qe8 26. Ra1 Qd7 27. Ng3 e4 {½-½ Shvedova,A (2089)-Mikheeva,G (2034) EU-ch Hybrid U14 Girls 2021 (9)}) 13... f6 14. d4 Bg6 15. Qb3+ Bf7 16. Qd1 exd4 17. Bxc6 bxc6 18. Nxd4 Qd7 19. Ne4 Rfe8 20. Nxd6 Qxd6 21. Be3 Nc4 22. Qc1 c5 23. Nb5 Qc6 24. Bf4 Rxe1+ 25. Qxe1 Nxb2 26. Qe2 Nc4 27. Nxc7 Rd8 28. Rd1 Rxd1+ 29. Qxd1 g5 30. Bg3 Kg7 31. h4 h6 32. Nb5 Qd5 33. Qxd5 Bxd5 34. hxg5 hxg5 35. Bc7 Bc6 36. Nd6 Nxd6 1/2-1/2

[Event "45th Olympiad 2024"]
[Site "Budapest HUN"]
[Date "2024.09.18"]
[Round "7.5"]
[Board "1"]
[White "Predke, Alexandr"]
[Black "Giri, Anish"]
[Result "1/2-1/2"]
[WhiteElo "2671"]
[BlackElo "2724"]
[PlyCount "113"]
[EventDate "2024.09.11"]
[WhiteTeam "Serbia"]
[BlackTeam "Netherlands"]
[WhiteTeamCountry "SRB"]
[BlackTeamCountry "NED"]

1. e4 e6 2. d4 d5 3. Nc3 Bb4 4. e5 c5 5. Qg4 Ne7 6. a3 Bxc3+ 7. bxc3 Qc7 8. Qxg7 Rg8 9. Qxh7 cxd4 10. Qd3 Qxe5+ 11. Ne2 dxc3 12. Qxc3 Qxc3+ 13. Nxc3 Nbc6 14. Nb5 ({RR} 14. Bb2 e5 15. O-O-O Be6 16. h4 O-O-O 17. g3 d4 18. Ne4 Bd5 19. Bh3+ Kb8 20. Nf6 Bxh1 21. Nxg8 Bf3 22. Nxe7 Nxe7 23. Re1 f6 24. Bf1 Kc7 25. Be2 Bxe2 26. Rxe2 Kd6 27. Kd2 Rg8 28. Re1 Kd5 {1-0 Zverev,L (2416)-Galchenko,M (2438) Titled Tue 4th Jun Late 2024 (11)}) 14... Kd7 15. Bb2 e5 16. O-O-O d4 $146 ({RR} 16... a6 17. Nc3 d4 18. Ne4 Kc7 19. h4 Bf5 20. Ng3 Be6 21. h5 Rad8 22. h6 Rg6 23. Bd3 f5 24. Rh5 e4 25. h7 Rh8 26. Nxe4 fxe4 27. Bxe4 Bg4 28. Bxg6 Bxd1 29. Rg5 Nxg6 30. Rxg6 Rxh7 31. Kxd1 {0-1 Kucza,K (2356)-Praczukowski,S (2071) Suwalki Warakomska Memorial 6th 2022 (6)}) 17. f4 a6 18. Nc3 Kc7 19. Ne4 exf4 20. Bxd4 Rd8 21. Bb2 Rxd1+ 22. Kxd1 Nd5 23. Kc1 Bf5 24. Bd3 Rg8 25. Nf6 Nxf6 26. Bxf5 Rg5 27. Bd3 Ne5 28. h4 Nxd3+ 29. cxd3 Rf5 30. Bxf6 Rxf6 31. h5 Rh6 32. Kd2 Kd6 33. Ke2 Ke5 34. Kf3 Rd6 35. Rd1 Rd4 36. h6 Kf6 37. Rh1 Rxd3+ 38. Kxf4 Rd4+ 39. Ke3 Rd8 40. Rb1 b5 41. a4 Rb8 42. axb5 axb5 43. Rh1 b4 44. Kd3 b3 45. Kc3 b2 46. Kc2 Kg6 47. h7 Kg7 48. h8=Q+ Rxh8 49. Rxh8 Kxh8 50. Kxb2 Kg7 51. Kc3 Kf6 52. Kd4 Kf5 53. Kd5 Kf4 54. Kd6 Kg3 55. Ke7 f5 56. Kf6 Kxg2 57. Kxf5 1/2-1/2

[Event "45th Olympiad 2024"]
[Site "Budapest HUN"]
[Date "2024.09.18"]
[Round "7.5"]
[Board "2"]
[White "Van Foreest, Jorden"]
[Black "Sarana, Alexey"]
[Result "1/2-1/2"]
[WhiteElo "2696"]
[BlackElo "2713"]
[PlyCount "82"]
[EventDate "2024.09.11"]
[WhiteTeam "Netherlands"]
[BlackTeam "Serbia"]
[WhiteTeamCountry "NED"]
[BlackTeamCountry "SRB"]

1. Nf3 d5 2. g3 g6 3. Bg2 Bg7 4. d4 c6 5. O-O Nf6 6. c4 O-O 7. a4 dxc4 8. Na3 Na6 9. Nxc4 Be6 10. b3 ({RR} 10. Nce5 Bd5 11. a5 Ne4 12. Qa4 Qd6 13. Bf4 Qb4 14. Qxb4 Nxb4 15. Rfc1 Rfd8 16. h4 h5 17. e3 f6 18. Nc4 Nd3 19. Rc2 Ndxf2 20. a6 b6 21. Na3 Nd3 22. Nd2 f5 23. Nxe4 fxe4 24. Nc4 Rac8 {0-1 Holinka,H (2284)-Kostic,V (2035) Titled Tue 10th Sep Late 2024 (4)}) 10... Bd5 11. Ba3 Rc8 $146 ({RR} 11... b5 12. Ne3 b4 13. Bb2 Be4 14. Rc1 Rc8 15. Bh3 e6 16. Ng5 Bd5 17. Qd3 Nc7 18. f3 Qe7 19. Ne4 Nd7 20. Nc5 Nxc5 21. Rxc5 Rcd8 22. Nxd5 cxd5 23. Rfc1 Rd7 24. e3 f5 25. Bg2 Bh6 26. R1c2 {1-0 Hryzlova,S (2092)-Elma,M (1708) 30th EY Girls U18 2022 (8.6)}) 12. Rc1 Nc7 13. e3 Nce8 14. Bh3 Rb8 15. Nfe5 Nc7 16. Qe2 Re8 17. Rfd1 Be6 18. Bg2 Nd7 19. Nf3 Nb6 20. Ng5 Bxc4 21. bxc4 e5 22. Nxf7 Kxf7 23. dxe5 Qc8 24. a5 Nd7 25. Bh3 Ne6 26. f4 c5 27. Rd6 Ndf8 28. Bb2 Kg8 29. Bg2 Qc7 30. g4 Nxf4 31. exf4 Qxd6 32. Bd5+ Kh8 33. Re1 Qc7 34. f5 Rbd8 35. Bc3 h6 36. Qe3 Kh7 37. Kh1 Qe7 38. Qf3 Qh4 39. Re4 Nd7 40. f6 Rf8 41. Qe2 Nxe5 1/2-1/2

[Event "45th Olympiad 2024"]
[Site "Budapest HUN"]
[Date "2024.09.18"]
[Round "7.5"]
[Board "3"]
[White "Indjic, Aleksandar"]
[Black "Warmerdam, Max"]
[Result "1-0"]
[WhiteElo "2611"]
[BlackElo "2679"]
[PlyCount "63"]
[EventDate "2024.09.11"]
[WhiteTeam "Serbia"]
[BlackTeam "Netherlands"]
[WhiteTeamCountry "SRB"]
[BlackTeamCountry "NED"]

1. d4 d5 2. c4 e6 3. Nc3 c5 4. e3 Nf6 5. Nf3 a6 6. a3 dxc4 7. Bxc4 b5 8. Ba2 Bb7 9. O-O Nbd7 10. Qe2 Bd6 11. Rd1 Qb8 12. h3 O-O 13. dxc5 Nxc5 14. b4 Ncd7 15. Bb2 Ne5 ({RR} 15... Rc8 16. Rac1 Ne5 17. Nxe5 Bxe5 18. Bb1 Bc6 19. Rd2 Ra7 20. f4 Bc7 21. Rcd1 Bb6 22. Kh1 Rac7 23. e4 Bb7 24. Rd3 Rc4 25. Rg3 Qxf4 26. Rf3 Qh4 27. Qe1 Qxe1+ 28. Rxe1 Bd4 29. Nd1 Bxb2 30. Nxb2 {0-1 Melkumyan,H (2670)-Yilmaz,M (2636) Wch Blitz St Petersburg 2018 (1)}) 16. Nxe5 Bxe5 17. Rd3 $146 ({RR} 17. Rac1 Rc8 18. Nb1 Rxc1 19. Rxc1 h6 20. Nc3 Bc6 21. Nd1 Bxb2 22. Nxb2 Qb7 23. f3 Qb6 24. Nd3 a5 25. Nc5 axb4 26. axb4 Bd5 27. Bb1 Bc4 28. Qc2 Rd8 29. Rd1 Kf8 30. Kf2 Ke7 31. Rxd8 Qxd8 {0-1 Volke,K (2367)-Zeller,F (2378) Oberliga Wuerttemberg 0809 2008 (6.1)}) ({RR} 17. Rac1 Rd8 18. Bb3 {½-½ Grivas,E (2495)-Nikolaidis,I (2540) Corfu 1995 (3)}) ({RR} 17. Rac1 Rc8 18. Bb1 Bc6 19. f4 Bd6 20. g4 h6 21. g5 hxg5 22. fxg5 Bxb4 23. axb4 Qg3+ 24. Kf1 Bf3 25. gxf6 Bxe2+ 26. Nxe2 Rxc1 27. Rxc1 Qxe3 28. fxg7 Rd8 29. Bc3 e5 30. Ke1 Qf3 31. Bxe5 Re8 {0-1 Vavrak,P (2487)-Erdos,V (2581) Mitropa Cup 28th 2009 (9)}) 17... Bc6 18. Rad1 a5 19. Bb1 axb4 20. axb4 Rc8 21. f4 Bc7 22. g4 Bb6 23. g5 Ne4 24. Qg4 Qa7 25. Nxe4 Bxe4 26. Rd7 Bxe3+ 27. Kf1 Qxd7 28. Rxd7 Bxb1 29. Qf3 Ra2 30. Qd1 Raa8 31. Qxb1 Bxf4 32. h4 1-0

[Event "45th Olympiad 2024"]
[Site "Budapest HUN"]
[Date "2024.09.18"]
[Round "7.5"]
[Board "4"]
[White "L'Ami, Erwin"]
[Black "Ivic, Velimir"]
[Result "0-1"]
[WhiteElo "2628"]
[BlackElo "2599"]
[PlyCount "80"]
[EventDate "2024.09.11"]
[WhiteTeam "Netherlands"]
[BlackTeam "Serbia"]
[WhiteTeamCountry "NED"]
[BlackTeamCountry "SRB"]

1. d4 Nf6 2. c4 e6 3. Nf3 d5 4. g3 dxc4 5. Bg2 a6 6. O-O Nc6 7. e3 Rb8 8. Nfd2 e5 9. Bxc6+ bxc6 10. dxe5 Nd5 ({RR} 10... Ng4 11. Nxc4 Be6 12. Qxd8+ Rxd8 13. Nbd2 Bb4 14. b3 Bxd2 15. Nxd2 Nxe5 16. Bb2 Rxd2 17. Bxe5 f6 18. Bxc7 Kf7 19. Rfd1 Rxd1+ 20. Rxd1 Rc8 21. Ba5 c5 22. Bc3 a5 23. Bxa5 Ra8 24. Bb6 Rxa2 25. Bxc5 {½-½ Sakaev,K (2669)-Onischuk,A (2628) RUS-USA m Ruschess.com INT 2005 (2)}) 11. Nxc4 Bh3 12. e4 $146 ({RR} 12. Re1 h5 13. Nba3 Bc5 14. e4 Bg4 15. Qa4 Nb4 16. Be3 Be7 17. e6 Bxe6 18. Red1 Qc8 19. Ne5 h4 20. Nc2 hxg3 21. Nxb4 gxh2+ 22. Kh1 Bxb4 23. Qxc6+ Kf8 24. Bg5 Bd6 25. Rxd6 cxd6 26. Qxd6+ Kg8 {0-1 Isik,A (2180)-Todorovic,G (2429) EU-ch 20th Skopje 2019 (3)}) ({RR} 12. Re1 Nb4 13. Qe2 Qd3 14. Nba3 h5 15. f3 Be6 16. e4 h4 17. g4 h3 18. Be3 Qxe2 19. Rxe2 Nd3 20. Rd2 Bxa3 21. Nxa3 Nxe5 22. Kf2 O-O 23. b3 a5 24. Rad1 Rfe8 25. Bc5 a4 26. b4 f6 {0-1 Sivakumar,S (2288)-Arenas,D (2357) 1000GM Independence Day 2024 (4.1)}) ({RR} 12. Re1 Nb4 13. Qe2 Qd3 14. Qxd3 Nxd3 15. Rd1 Rd8 16. Nd6+ cxd6 17. Rxd3 dxe5 18. Rxd8+ Kxd8 19. Bd2 Be7 20. Na3 Bxa3 21. bxa3 Kd7 22. Bb4 Bg4 23. f4 exf4 24. exf4 Re8 25. Re1 Rxe1+ 26. Bxe1 Kd6 {½-½ De Boer,E (2270)-Zwirs,N (2443) Dutch Open 2023 (4.6)}) 12... Bxf1 13. Kxf1 Nb4 14. Qxd8+ Rxd8 15. Nc3 Bc5 16. Bg5 Rd7 17. Na4 Ba7 18. Bd2 Nd3 19. f4 g5 20. Bc3 Bd4 21. f5 O-O 22. Ke2 Bxc3 23. bxc3 Re8 24. Rb1 Nxe5 25. Nc5 Rdd8 26. Rb4 a5 27. Ra4 Rd5 28. Nxe5 Rdxe5 29. Rxa5 Rxf5 30. a4 Rxe4+ 31. Kd3 Rg4 32. Ra8+ Kg7 33. Nb3 Rf3+ 34. Kd2 Rf2+ 35. Ke3 Rxh2 36. Kf3 Rc4 37. Nd4 Rxc3+ 38. Ke4 Rc4 39. Kd3 Rc1 40. a5 Ra2 0-1

[Event "45th Olympiad 2024"]
[Site "Budapest HUN"]
[Date "2024.09.18"]
[Round "7.6"]
[Board "1"]
[White "Martirosyan, Haik M."]
[Black "Vitiugov, Nikita"]
[Result "1-0"]
[WhiteElo "2667"]
[BlackElo "2676"]
[PlyCount "69"]
[EventDate "2024.09.11"]
[WhiteTeam "Armenia"]
[BlackTeam "England"]
[WhiteTeamCountry "ARM"]
[BlackTeamCountry "ENG"]

1. d4 Nf6 2. c4 e6 3. Nf3 d5 4. Nc3 dxc4 5. e3 a6 6. a4 c5 7. Bxc4 Nc6 8. O-O Be7 9. dxc5 Qxd1 10. Rxd1 Bxc5 11. Nd2 Bb4 12. Be2 Na5 13. Rb1 Bd7 14. Na2 Be7 15. b4 Nc6 16. Nc4 Nd5 17. e4 $146 ({RR} 17. a5 Ncxb4 18. Nxb4 Nc3 19. Bd3 Nxb1 20. Na2 Ba4 21. Re1 Bb3 22. Nb6 Bxa2 23. Nxa8 O-O 24. Nb6 Bb4 25. Rf1 Bxa5 26. Bxb1 Bxb1 27. Ba3 Bd3 28. Rd1 Bc2 29. Rc1 Rd8 30. Nc4 Bc3 31. Nb2 Bxb2 {0-1 Brito Garcia,A (2360)-Lantini,R Le Fonti op 1989}) 17... Nf6 18. Nb6 Rd8 19. b5 axb5 20. axb5 Ne5 21. Nc3 Bc8 22. Bf4 Ng6 23. Bc7 Rxd1+ 24. Rxd1 O-O 25. e5 Nd5 26. Ncxd5 exd5 27. Nxc8 Rxc8 28. b6 Bc5 29. g3 Ne7 30. Bf3 Kf8 31. Ra1 f5 32. Ra5 Bd4 33. Bxd5 Bc3 34. Rc5 Bb4 35. Rc4 1-0

[Event "45th Olympiad 2024"]
[Site "Budapest HUN"]
[Date "2024.09.18"]
[Round "7.6"]
[Board "2"]
[White "Howell, David W L"]
[Black "Sargsyan, Shant"]
[Result "1/2-1/2"]
[WhiteElo "2677"]
[BlackElo "2649"]
[PlyCount "115"]
[EventDate "2024.09.11"]
[WhiteTeam "England"]
[BlackTeam "Armenia"]
[WhiteTeamCountry "ENG"]
[BlackTeamCountry "ARM"]

1. e4 e5 2. Nf3 Nc6 3. Bb5 a6 4. Ba4 Nf6 5. O-O Be7 6. Re1 b5 7. Bb3 O-O 8. a4 b4 9. d3 d6 10. Nbd2 Na5 11. Ba2 c5 12. c3 Rb8 13. d4 Qc7 14. dxe5 dxe5 15. Nc4 b3 16. Nxa5 bxa2 17. Nc4 Be6 18. Qe2 Nd7 19. Rxa2 Nb6 20. Nfd2 Rfd8 21. Ra3 $146 ({RR} 21. Ra1 Nxc4 22. Nxc4 Bxc4 23. Qxc4 Qd6 24. Ra2 a5 25. Be3 h6 26. h3 Qb6 27. Kh2 Qd6 28. Rb1 Qd3 29. Qxd3 Rxd3 30. Kg1 c4 31. Re1 Bg5 32. Bc5 Rd2 33. Ba3 Bd8 34. Raa1 Bb6 35. Rf1 Rbd8 {1-0 Karjakin,S (2775)-Grischuk,A (2764) Moscow Piterenka rapid 2012 (5)}) 21... a5 22. b3 Nxc4 23. Nxc4 h6 24. h3 Rb7 25. Be3 Rdb8 26. Rb1 Bf8 27. Rb2 Be7 28. Rb1 Bf8 29. Rb2 Be7 30. Kh1 Bf8 31. Qf1 Be7 32. Qe2 Bf8 33. Qf1 Be7 34. f3 Bf8 35. Qe2 Kh8 36. Qf1 Kg8 37. Qe2 Kh8 38. Bg1 Kh7 39. Qf1 Kh8 40. Qe2 Kh7 41. Qf1 Kh8 42. Bf2 Kh7 43. Qe2 Kh8 44. Qf1 Kh7 45. Qe2 Kh8 46. Kg1 Kh7 47. Qf1 Kh8 48. Qe2 Kh7 49. g4 Be7 50. Kg2 Bg5 51. Rb1 Bf4 52. Bg3 Kg8 53. h4 g6 54. Kf2 Kh7 55. Kg2 Kg8 56. Kf2 Kh7 57. Kg2 Kg8 58. Bf2 1/2-1/2

[Event "45th Olympiad 2024"]
[Site "Budapest HUN"]
[Date "2024.09.18"]
[Round "7.6"]
[Board "3"]
[White "Sargissian, Gabriel"]
[Black "Adams, Michael"]
[Result "1/2-1/2"]
[WhiteElo "2646"]
[BlackElo "2661"]
[PlyCount "60"]
[EventDate "2024.09.11"]
[WhiteTeam "Armenia"]
[BlackTeam "England"]
[WhiteTeamCountry "ARM"]
[BlackTeamCountry "ENG"]

1. Nf3 d5 2. g3 Nd7 3. d4 Nb6 4. Nc3 Bf5 5. Nh4 Bg4 6. Qd3 e6 7. e4 Be7 8. h3 Bh5 9. Ng2 Bg6 $146 ({RR} 9... dxe4 10. Qb5+ {1-0 Srihari,L (2500)-Ashraf,A (2383) 30th Abu Dhabi Masters 2024 (5.29)}) 10. Nf4 dxe4 11. Nxe4 Bf5 12. g4 Bxe4 13. Qxe4 c6 14. c3 Nf6 15. Qe2 Nfd5 16. Nd3 a5 17. a4 O-O 18. Bg2 Rc8 19. O-O c5 20. dxc5 Bxc5 21. Nf4 Qc7 22. Nxd5 Nxd5 23. Rd1 b6 24. Rd3 Nf4 25. Bxf4 Qxf4 26. Qd2 Qxd2 27. Rxd2 Rcd8 28. Rad1 Rxd2 29. Rxd2 g5 30. Kf1 Kg7 1/2-1/2

[Event "45th Olympiad 2024"]
[Site "Budapest HUN"]
[Date "2024.09.18"]
[Round "7.6"]
[Board "4"]
[White "Jones, Gawain C B"]
[Black "Hovhannisyan, Robert"]
[Result "1/2-1/2"]
[WhiteElo "2646"]
[BlackElo "2619"]
[PlyCount "93"]
[EventDate "2024.09.11"]
[WhiteTeam "England"]
[BlackTeam "Armenia"]
[WhiteTeamCountry "ENG"]
[BlackTeamCountry "ARM"]

1. c4 e5 2. Nc3 Bb4 3. Nd5 Be7 4. Nf3 d6 5. g3 Nf6 6. Nc3 c5 ({RR} 6... O-O 7. Bg2 Re8 8. d4 Nc6 9. d5 Nb8 10. O-O a5 11. e4 Na6 12. h3 Nc5 13. Qc2 h6 14. Be3 Nfd7 15. b3 Bg5 16. Nxg5 hxg5 17. a3 b6 18. b4 Na6 19. Qd2 f6 20. Nb5 Nf8 21. bxa5 {1-0 Caruana,F (2804)-So,W (2757) American Cup Blitz 2024 (7.1)}) 7. Bg2 Nc6 ({RR} 7... O-O 8. d3 h6 9. Nd2 Nc6 10. Nde4 Be6 11. Nxf6+ Bxf6 12. Nd5 Be7 13. O-O Qd7 14. f4 Bg4 15. Be3 Rae8 16. Qd2 Bd8 17. a3 exf4 18. Rxf4 Bg5 19. Re4 f5 20. Rxe8 Rxe8 21. Bxg5 Rxe2 22. Qc1 {1-0 Jurcik,M (2409)-Bochnicka,V (2390) ch-SVK 2024 Bratislava SVK (9.4)}) 8. d3 h6 9. O-O $146 ({RR} 9. Nd2 Be6 10. Nd5 Qd7 11. Nb1 Bd8 12. h3 O-O 13. Nbc3 Rb8 14. Bd2 a6 15. a4 Nh7 16. f4 Ba5 17. g4 f5 18. gxf5 Bxf5 19. e4 Be6 20. f5 Bxd5 21. cxd5 Nd4 22. O-O Rf6 23. Be3 g6 {½-½ Martirosyan,H (2675)-Hovhannisyan,R (2596) Stepan Avagyan Mem 2023 (1.4)}) 9... Be6 10. e4 Qd7 11. Nd5 Bg4 12. Ne3 h5 13. Bd2 Nh7 14. a3 Bg5 15. Nxg4 Bxd2 16. Ngxe5 dxe5 17. Qxd2 O-O-O 18. b4 f6 19. Qe3 Nd4 20. Nxd4 Qxd4 21. Rfd1 h4 22. Qxd4 Rxd4 23. bxc5 hxg3 24. fxg3 Rhd8 25. Bf1 Ng5 26. Rdb1 Nf3+ 27. Kf2 Nd2 28. Rb4 Nxf1 29. Rxf1 Rxd3 30. Rfb1 Rxa3 31. R1b2 Rd7 32. c6 bxc6 33. Rb8+ Kc7 34. R2b7+ Kd6 35. c5+ Ke7 36. Rxd7+ Kxd7 37. Rb7+ Ke6 38. Rxg7 Ra2+ 39. Kf3 Rxh2 40. Rc7 Rc2 41. Rxc6+ Kf7 42. Kg4 a5 43. Ra6 Kg6 44. Rxa5 Rc3 45. Rb5 Re3 46. Rb4 Rc3 47. Rb5 1/2-1/2